00822cam a2200205 a 4500999001500000001000600015003000900021005001700030008004100047040002800088082002700116100003600143245008100179260003800260300002800298650002800326942001200354952012500366952012500491 c1466d146613751BD-DhUAP20200208123227.0200208s2010 pk 000 0 eng  aDLCcDLCdBD-DhUAPbEng 223a345.5491002632 NIZ1 aNizami, Muhammad Mazhar Hassan.10aThe Pakistan penal code :bwith commentary /cMuhammad Mazhar Hassan Nizami. aLahore :bPLD publishers,cc2010. avarious pages ;c22 cm. aCriminal lawzPakistan. 2ddccBK 00102ddc4070aUAPCLbUAPCLcGeneral Stacksd2020-02-08o345.5491002632 NIZp3010013751r2020-02-08t1w2020-02-08yBK 00102ddc4070aUAPCLbUAPCLcGeneral Stacksd2020-02-08o345.5491002632 NIZp3010013750r2020-02-08t2w2020-02-08yBK